000
00252nam a2200097Ia 4500
008
230508s2004 xx 000 0 und d
041
_a
eng
100
_a
ROBINS STEPHEN
245
_a
ORGANISATIONAL BEHAVIAR 10TH RD
260
_b
PEARSON EDUCATION IN
_c
2004
999
_c
741427
_d
741427